00553nam a2200193Ia 450000500170000000800410001702000150005808200150007310000200008824500460010825000100015426000330016430000180019765000140021565000120022994200060024195200970024799900150034420240402040616.0240331s9999 xx 000 0 und d a0710002733 bDESa330.9 ade Silva, S.B.D 4aThe political economy of underdevelopment a1 St. aLondon :bRoutledge /c1982. avii, 1182 p., apolitical aEconomy cL 001040708LaWERCLbWERCLcSSCd2024-03-31l0o 330.9 DESp1525r2024-03-31w2024-03-31yL c2579d2579